000 00783nam a2200265 i 4500
001 77465
003 ES-MaACL
005 20230906173225.0
007 t|
008 041018s2004 sp ||||1| spa d
020 _a84-96364-00-3
080 _a94(100)"1939/45"
080 _a355.48(442.1/5)"1939/45"
100 1 _aRyan, Cornelius.
_9101095
245 1 3 _aEl día mas largo /
_cCornelius Ryan.
250 _a1ª ed.
260 _aBarcelona :
_bInédita,
_c2004.
300 _a346, [32] p. de lám. ;
_c24 cm.
490 1 _aHistoria inédita
504 _aBibliografía: p. [321]-329.
650 1 4 _aGuerra mundial, 1939-1945-
_xCampañas-
_zNormandía.
_913233
830 0 _aHistoria inédita
_9231350
852 _aES-MaACL
_jL-28247
_bR.134154
999 _c77465
_d77465